00329nam a2200121 a 4500008004100000050001400041100002200055245003500077260003900112300001500151350000900166650003200175120416s1980 ||||||||||||||||| || u aQE 28 Ath aAtherton, Michael10aStudy the earth: water at work aLondonbHodder and Stoughtonc1980 a64p. : ill a0.00 aGEOLOGY--STUDY AND TEACHING